000 00598nam a2200205Ia 4500
005 20250326144524.0
008 250326s9999 xx 000 0 und d
020 _a1-4221-0321-8
037 _aTextbook
040 _aFMSL
_beng
_cFMSL
041 _aeng
_2eng
084 _aX:87 P7
_qFMSL
100 _aSchmitt B H
_9745713
245 0 _aBig think strategy : how to leverage bold ideas and leave small thinking behind
_cSchmitt B H
260 _aBoston
_bBoston, HBS
_c2007
300 _a177p
365 _b1454.6714999999999
942 _cTB
_hX:87 P7
999 _c1304026
_d1304026